| 000 | 00481 a2200193 4500 | ||
|---|---|---|---|
| 005 | 20240517114948.0 | ||
| 010 | _aB-759093 | ||
| 020 |
_a978935471720 _c650.00 |
||
| 035 | _aB-759093 | ||
| 037 | _bGift | ||
| 082 | _aS | ||
| 100 |
_aPilkey, Dav _966311 |
||
| 245 |
_aCatkid Comic Club Influencers/ _cDav Pilkey |
||
| 260 |
_aUK _bScholastic _c2023 |
||
| 270 |
_aUK _bUK |
||
| 300 |
_a224 p. _c21cm (Hb) |
||
| 942 |
_adpl _cCH _2ddc _hS _mPIL |
||
| 999 |
_c202919 _d202919 |
||